[Event "Lisbon Check Mate op 5th"]
[Site "Lisbon"]
[Date "2017.08.30"]
[Round "6"]
[White "Martins, Andre"]
[Black "Santiago Pereira, Miguel Angel"]
[Result "0-1"]
[WhiteElo "1567"]
[BlackElo "1972"]
[PlyCount "59"]
[EventDate "2017.08.26"]
[EventType "swiss"]
[EventRounds "7"]
[EventCountry "POR"]
[SourceTitle "CBM 180 Extra"]
[Source "ChessBase"]
[SourceDate "2017.10.06"]
[SourceVersion "1"]
[SourceVersionDate "2017.10.06"]
[SourceQuality "1"]

1. Nf3 Nf6 2. g3 g6 3. Bg2 Bg7 4. 0-0 0-0 5. d3 c5 6. e4 Nc6 7. Nbd2 d5 8. exd5 Nxd5 9. Nb3 b6 10. h3 Bb7 11. Nh2 e5 12. Ng4 h5 13. Ne3 Nd4 14. Nxd4 cxd4 15. Nc4 b5 16. Nd2 Qc7 17. Ne4 Rac8 18. c4 dxc3 19. bxc3 Nxc3 20. Nxc3 Qxc3 21. Bxb7 Qxa1 22. Bxc8 Rxc8 23. Qd2 Qc3 24. Qe3 Qd4 25. Qe2 Rd8 26. Rd1 e4 27. Bb2 Qxb2 28. Qxb2 Bxb2 29. Rb1 exd3 30. Rxb2 0-1

[Event "Arteixo Concello U2200 op 15th"]
[Site "Arteixo"]
[Date "2014.07.26"]
[Round "5.2"]
[White "Santiago Pereira, Miguel Angel"]
[Black "Gomez Segade, Pablo"]
[Result "1/2-1/2"]
[WhiteElo "1920"]
[BlackElo "1989"]
[PlyCount "95"]
[EventDate "2014.07.25"]
[EventType "swiss"]
[EventRounds "6"]
[EventCountry "ESP"]
[SourceTitle "EXT 2024"]
[Source "ChessBase"]
[SourceDate "2023.10.10"]
[SourceVersion "1"]
[SourceVersionDate "2023.10.10"]
[SourceQuality "1"]

1. e4 d5 2. exd5 Qxd5 3. Nc3 Qa5 4. d4 Nf6 5. Nf3 c6 6. Bc4 Bf5 7. Bd2 e6 8. Qe2 Qc7 9. 0-0-0 Nbd7 10. Ne5 Nxe5 11. dxe5 Nd7 12. f4 h5 13. h3 h4 14. Be3 Bb4 15. Bd2 0-0-0 16. Ne4 Bxd2+ 17. Rxd2 Bxe4 18. Qxe4 Nb6 19. Rhd1 Rxd2 20. Rxd2 Rd8 21. Bb3 Rxd2 22. Kxd2 g6 23. c3 c5 24. c4 Nd7 25. Qd3 Nb8 26. Ke3 Nc6 27. Kf3 Nd4+ 28. Kg4 Qd8 29. Bd1 Qa5 30. Kxh4 Kd7 31. Qe4 Qb6 32. b3 Qd8+ 33. Kg3 Ke8 34. Bf3 Nf5+ 35. Kh2 Qd2 36. a4 Kf8 37. Qxb7 Qxf4+ 38. Kg1 Qe3+ 39. Kh2 Qxe5+ 40. Kg1 Qe1+ 41. Kh2 Qe5+ 42. Kg1 Ng3 43. Qxa7 Qe3+ 44. Kh2 Nf1+ 45. Kh1 e5 46. Bd5 Ng3+ 47. Kh2 Nf1+ 48. Kh1 1/2-1/2